[Event "10th Rector Cup (women)"]
[Site "Kharkiv"]
[Date "2008.03.03"]
[Round "8"]
[White "Borisova, E."]
[Black "Sukandar, I."]
[Result "0-1"]
[WhiteElo "2305"]
[BlackElo "2266"]
[PlyCount "52"]
[EventDate "2008.02.27"]
[SourceDate "2008.02.27"]

1. d4 Nf6 2. c4 e6 3. Nf3 b6 4. g3 Ba6 5. Qc2 Bb4+ 6. Bd2 Bxd2+ 7. Nbxd2 O-O 8.
Bg2 d5 9. O-O Nbd7 10. e4 Nxe4 11. Nxe4 dxe4 12. Nd2 f5 13. Rfd1 Qe7 14. f3 e3
15. Nf1 f4 16. gxf4 Rxf4 17. Nxe3 Bb7 18. Re1 Raf8 19. Rad1 Qh4 20. d5 Ne5 21.
Nf1 Nxf3+ 22. Bxf3 Rxf3 23. Rxe6 Rxf1+ 24. Rxf1 Qg4+ 25. Qg2 Rxf1+ 26. Kxf1
Qxe6 0-1

[Event "10th Rector Cup (women)"]
[Site "Kharkiv"]
[Date "2008.03.03"]
[Round "8"]
[White "Ostroverkhova, E."]
[Black "Breslavska, G."]
[Result "0-1"]
[WhiteElo "2055"]
[BlackElo "2216"]
[PlyCount "84"]
[EventDate "2008.02.27"]
[SourceDate "2008.02.27"]

1. d4 Nf6 2. c4 e6 3. Nf3 d5 4. Nc3 c6 5. Bg5 h6 6. Bh4 Be7 7. e3 O-O 8. Qc2
Re8 9. Bd3 dxc4 10. Bxc4 Nbd7 11. O-O b5 12. Be2 a6 13. e4 c5 14. e5 Nd5 15.
Bxe7 Qxe7 16. Ne4 cxd4 17. Rfd1 Rf8 18. Rxd4 Bb7 19. Qd1 Rad8 20. a4 b4 21.
Ned2 Nc5 22. Nc4 Nf4 23. Rd6 Ne4 24. Rxd8 Rxd8 25. Qe1 Ng5 26. Ncd2 Nxe2+ 27.
Qxe2 Qd7 28. Nc4 Nxf3+ 29. gxf3 Qd3 30. Qxd3 Rxd3 31. f4 Rd4 32. Nd6 Bd5 33. f5
Rd2 34. Rc1 Rxb2 35. f6 gxf6 36. exf6 b3 37. Rc8+ Kh7 38. h4 Rc2 39. Rb8 b2 40.
Kh2 Rxf2+ 41. Kg3 Rf3+ 42. Kg4 Rb3 0-1

[Event "10th Rector Cup (women)"]
[Site "Kharkiv"]
[Date "2008.03.04"]
[Round "9"]
[White "Sukandar, I."]
[Black "Ostroverkhova, E."]
[Result "1-0"]
[WhiteElo "2266"]
[BlackElo "2055"]
[PlyCount "79"]
[EventDate "2008.02.27"]
[SourceDate "2008.02.27"]

1. e4 c5 2. Nf3 Nc6 3. d4 cxd4 4. Nxd4 e5 5. Nb5 a6 6. Nd6+ Bxd6 7. Qxd6 Qf6 8.
Qd1 Qg6 9. Nc3 Nge7 10. Be3 d6 11. Qd2 b5 12. O-O-O Be6 13. h4 h5 14. Nd5 Bxd5
15. exd5 Nd8 16. f3 f5 17. Qa5 O-O 18. Bg5 Qf7 19. Qc7 Re8 20. Qxd6 Nc8 21. Qa3
Nb6 22. Be2 Nb7 23. d6 Nd7 24. Qb3 Qxb3 25. axb3 Rac8 26. f4 g6 27. fxe5 Rxe5
28. Bf3 Nbc5 29. Bd5+ Kh7 30. Rhf1 a5 31. Bf4 Re2 32. Rd2 Ree8 33. Kd1 b4 34.
Re1 Rxe1+ 35. Kxe1 Nf6 36. Bf3 Re8+ 37. Kd1 Nce4 38. Bxe4 fxe4 39. d7 Rd8 40.
Bg5 1-0

[Event "10th Rector Cup (women)"]
[Site "Kharkiv"]
[Date "2008.03.04"]
[Round "9"]
[White "Doluhanova, E."]
[Black "Borisova, E."]
[Result "1-0"]
[WhiteElo "2223"]
[BlackElo "2305"]
[PlyCount "75"]
[EventDate "2008.02.27"]
[SourceDate "2008.02.27"]

1. e4 c5 2. Na3 b6 3. g3 Bb7 4. Bg2 g6 5. d3 Bg7 6. f4 d6 7. Nf3 Nc6 8. c3 Nf6
9. O-O O-O 10. Nc2 b5 11. Ne3 e6 12. g4 Re8 13. Ng5 h6 14. Nh3 Nd7 15. g5 b4
16. f5 bxc3 17. fxg6 fxg6 18. bxc3 h5 19. Nc4 Nb6 20. Rb1 Ba6 21. Nxb6 axb6 22.
Nf4 Ne5 23. h4 Ng4 24. Bf3 Bxc3 25. Bxg4 hxg4 26. Nxg6 Bd4+ 27. Kh1 Ra7 28. Rb3
d5 29. e5 c4 30. Ra3 cxd3 31. Qxg4 d2 32. Bxd2 Bxf1 33. Rxa7 Bd3 34. Qh5 Be4+
35. Kh2 Bxe5+ 36. Nxe5 Rf8 37. g6 Rf2+ 38. Kh3 1-0

[Event "10th Rector Cup (women)"]
[Site "Kharkiv"]
[Date "2008.03.04"]
[Round "9"]
[White "Dvoretska, O."]
[Black "Grapsa, G."]
[Result "1/2-1/2"]
[WhiteElo "2164"]
[BlackElo "2103"]
[PlyCount "38"]
[EventDate "2008.02.27"]
[SourceDate "2008.02.27"]

1. c4 Nf6 2. Nc3 e6 3. d4 Bb4 4. Qc2 Nc6 5. Nf3 d6 6. e3 e5 7. Be2 O-O 8. Bd2
Bg4 9. d5 Nb8 10. h3 Bh5 11. e4 c6 12. Bg5 h6 13. Bxf6 Qxf6 14. Qb3 Bxc3+ 15.
Qxc3 cxd5 16. exd5 Nd7 17. g4 Bg6 18. h4 Qf4 19. Qe3 Rfe8 1/2-1/2